(شیخو)Shakhoo (Urdu) (Record no. 66980)
[ view plain ]
| 000 -LEADER | |
|---|---|
| fixed length control field | 00519nam a2200193Ia 4500 |
| 001 - CONTROL NUMBER | |
| control field | 64936 |
| 003 - CONTROL NUMBER IDENTIFIER | |
| control field | OSt |
| 005 - DATE AND TIME OF LATEST TRANSACTION | |
| control field | 20160412095843.0 |
| 008 - FIXED-LENGTH DATA ELEMENTS--GENERAL INFORMATION | |
| fixed length control field | 150303s9999 xx 000 0 und d |
| 020 ## - INTERNATIONAL STANDARD BOOK NUMBER | |
| International Standard Book Number | NA |
| 040 ## - CATALOGING SOURCE | |
| Transcribing agency | PK-LaUMT |
| 082 ## - DEWEY DECIMAL CLASSIFICATION NUMBER | |
| Classification number | 891.4393 |
| Item number | RAZ-S |
| 100 ## - MAIN ENTRY--PERSONAL NAME | |
| Personal name | Razia Butt |
| 245 ## - TITLE STATEMENT | |
| Title | (شیخو)Shakhoo (Urdu) |
| Statement of responsibility, etc | (رضیہ بٹ)Razia Butt |
| 260 ## - PUBLICATION, DISTRIBUTION, ETC. (IMPRINT) | |
| Place of publication, distribution, etc | (لاہور،پاکستان)Lahore,Pakistan: |
| Name of publisher, distributor, etc | (مقبول اکیڈمی)Maqbool Academy, |
| Date of publication, distribution, etc | N.D. |
| 300 ## - PHYSICAL DESCRIPTION | |
| Extent | 309 p. |
| 546 ## - LANGUAGE NOTE | |
| Language note | UR |
| 942 ## - ADDED ENTRY ELEMENTS (KOHA) | |
| Koha item type | Books |
| Source of classification or shelving scheme | Dewey Decimal Classification |
| Withdrawn status | Lost status | Damaged status | Not for loan | Home library | Current library | Date acquired | Total Checkouts | Full call number | Barcode | Date last seen | Date checked out | Price effective from | Koha item type |
|---|---|---|---|---|---|---|---|---|---|---|---|---|---|
| UMT Main Campus | UMT Main Campus | 2015-03-03 | 3 | 891.4393 RAZ-S | 88771 | 2016-02-19 | 2016-02-09 | 2015-03-03 | Books |
